000 00845cam a2200289 4500
001 1731992
003 OSt
005 20230620111956.0
008 750109s1973 ke a b 001 0aeng
010 _a 73980149
020 _a0195723120
_a0195720180 (pbk.)
040 _aDLC
_cDLC
_dDLC
043 _af------
082 0 0 _a320.5/4/096
_bKIN
100 0 _aRas Makonnen.
245 1 0 _aPan-Africanism from within;
_cas recorded and edited by Kenneth King.
260 _aNairobi,
_aNew York,
_bOxford University Press,
_c1973.
300 _axxii, 293 p.
_billus.
_c22 cm.
350 _a35/-
504 _aIncludes bibliographical references.
600 0 0 _aRas Makonnen.
650 0 _aPan-Africanism.
650 0 _aBlack race.
700 1 _aKing, Kenneth,
_d1940-
906 _a7
_bcbc
_corignew
_d4
_encip
_f19
_gy-gencatlg
942 _2ddc
_cBK
999 _c1634
_d1634